000 01468cam a2200241 4500
001 ABS67727
008 040506n2004 000 0 eng u
035 _a(Sirsi) u126109
100 _aUsher, N.
245 _aOutsource or in-house facilities management: the pros and cons
260 _c2004
490 _aJournal of Facilities Management
_v2(4) March 2004, 351-359(9)
520 _aDiscusses the virtues of outsourcing Facilities Management (FM). Introduces the concept of outsourcing and points out that it has existed within the FM industry longer than the entire concept of FM. There is a distinction made between outtasking and outsourcing. Forty one percent of all contracts in the FM sector were for the delivery of single tasks in 2002 suggesting that the FM industry is orientated towards low margin, low specification operational task level delivery. The outsourcing market remains productive in two major contexts: for organisations that perform a package of services; and for those who offer the 'management model', delivering solution and processes. Provides a model to explain the advantages and disadvantages of outsourcing services from the viewpoint of the client and the supplier.
590 _aABS
590 _aABS
650 _aOUTSOURCING
650 _aCONTRACTING
650 _aProcurement-old
650 _aPROPERTY LIFECYCLE
650 _aTOTAL FACILITIES MANAGEMENT
690 _aFACILITIES MANAGEMENT
_96240
942 _n0
999 _c117300
_d117300